| 000 | 01477nam0a2200325 4500 | ||
|---|---|---|---|
| 001 | RU\NLR\bibl\83669 | ||
| 005 | 20260407072439.0 | ||
| 010 |
_a5-88200-268-0 _bобщ. |
||
| 010 |
_a5-88200-280-Х _950 |
||
| 021 |
_aRU _b1998-32239 _91533 |
||
| 035 | _a(NLR Aleph) 000081718 | ||
| 090 |
_a455257 _c455257 |
||
| 100 | _a20000503d1997 |||y0rusy50 ca | ||
| 101 | 0 | _arus | |
| 102 | _aRU | ||
| 105 | _ay ||||||||| | ||
| 200 | 1 |
_aТезисы докладов итоговой научной конференции АГПУ, (29 апр. 1997 г.) _iАнглийский язык. Немецкий язык. Французский язык _fМ-во общ. и проф. образования РФ, Астрах. гос. пед. ун-т |
|
| 210 |
_aАстрахань _cИзд-во Астрах. пед. ун-та _d1997 |
||
| 215 |
_a48 с. _d20 |
||
| 606 | 0 |
_aИндоевропейские языки _jСборники _9917662 _3RU\NLR\auth\66336009 |
|
| 606 | 0 |
_aИндоевропейские языки _jТезисы докладов _9917662 _3RU\NLR\auth\66336009 |
|
| 686 | _aШ140/159я431 | ||
| 686 | _aЧ486.17я431 | ||
| 710 | 0 | 2 |
_aАстраханский государственный педагогический университет _bНаучная конференция _f1997 _3RU\NLR\AUTH\8810036292 _9571199 |
| 801 | 0 |
_aRU _bNLR _c20000503 _gPSBO |
|
| 801 | 1 |
_aRU _bNLR _c20000503 |
|
| 852 |
_aNLR _j99-4/8825 |
||
| 942 | _cBOOK | ||
| 980 | _aNB | ||